000 00956nam a22002417a 4500
005 20130613155037.0
008 090728t xxu||||| |||| 00| 0 pun d
010 _aPUN-7458 B-493939-943
020 _c200.00
035 _aPN-6576 B-493939-943
037 _bDBAD / PUB/Manpreet Prakashan
037 _bBPPD/KKP
040 _adpl
_bPN
082 _a851
100 _937323
_aਗੁਰਦੀਪ ਸਿੰਘ
245 _aਜ਼ੁਲਫ਼ /
_cਗੁਰਦੀਪ ਸਿੰਘ
246 _aZulaf
_bby Gurdeep Kaur
260 _aDelhi
_bManpreet Prakashan
_c2012
270 _b16/16,1st Floor,Geeta Colony
_aDelhi
_k9312271252
_e110031
_mmanpreet1948@gmail.com
300 _a96ਪਂ;
_b22ਸੇਂਮੀ(ਸਜਿਲਦ)
942 _2ddc
_cPN
_h851
_mਗੁਰਦੀ
999 _c71215
_d71215